| 000 | 01525nam a2200325Ia 4500 | ||
|---|---|---|---|
| 999 |
_c49347 _d49347 |
||
| 001 | 16264 | ||
| 003 | GE_BSU | ||
| 005 | 20251118204141.0 | ||
| 008 | 181216s2011||||ge |||||||||||||| ||geo|| | ||
| 020 | _a9789941104589 | ||
| 040 | _cGE_BSU | ||
| 041 | _ageo | ||
| 080 | _a346.26 ს-19 | ||
| 245 |
_aსაკორპორაციო სამართლის კრებული : _bტ. 1 / _cრედაქტორი ირაკლი ბურდული. |
||
| 264 |
_aთბილისი : _bმერიდიანი, _c2011. |
||
| 300 |
_a372 გვ.; _b24 სმ. |
||
| 300 | _bბიბლიოგრ.: გვ. 367-370 | ||
| 500 | _aბიბლიოგრაფია: გვ. 367-370. | ||
| 541 | _h13ლ. | ||
| 653 | _aსაკორპორაციო სამართლის კრებული | ||
| 653 | _aსამართალი | ||
| 653 | _aშედარებითი სამართალი. | ||
| 700 |
_aქირია, აკაკი _eავტორი _926269 |
||
| 700 |
_aგულაშვილი, ნიკოლოზ _eავტორი _926270 |
||
| 700 |
_aმაისურაძე, დავით _eავტორი _95582 |
||
| 700 |
_aრობაქიძე, სალომე _eავტორი _926271 |
||
| 700 |
_aმახარობლიშვილი, გიორგი _eავტორი _99266 |
||
| 700 |
_aბურდული, ირაკლი _eრედაქტორი _97029 |
||
| 942 |
_cBK _2udc |
||